[Event "POL-chT3 Pomorskie"]
[Site "Poland"]
[Date "2007.05.27"]
[Round "?"]
[White "Klawitter, Olga"]
[Black "Kirszenstein, Anna"]
[Result "1-0"]
[WhiteElo "1400"]
[BlackElo "1100"]
[PlyCount "63"]
[EventDate "2007.03.25"]
[EventType "team-tourn"]
[EventRounds "10"]
[EventCountry "POL"]
[SourceTitle "EXT 2019"]
[Source "ChessBase"]
[SourceDate "2018.10.10"]
[SourceVersion "1"]
[SourceVersionDate "2018.10.10"]
[SourceQuality "1"]

1. e4 e5 2. Nf3 d6 3. Bc4 Qe7 4. Nc3 c6 5. d3 Be6 6. Bxe6 Qxe6 7. 0-0 Nf6 8. Ne2 g6 9. c3 Bg7 10. Ng5 Qd7 11. d4 exd4 12. cxd4 0-0 13. Nc3 Qe7 14. Re1 Nfd7 15. e5 dxe5 16. dxe5 Nxe5 17. Bf4 Nbd7 18. Qb3 b6 19. Rad1 Qf6 20. Rd4 h6 21. Nh3 Nf3+ 22. gxf3 Qxd4 23. Be3 Qh4 24. Nf4 Be5 25. Nxg6 Qxh2+ 26. Kf1 Kg7 27. Nxf8 Rxf8 28. Rd1 Nf6 29. Qb4 Kh7 30. Qxf8 Qh3+ 31. Ke2 Qh5 32. Rg1 1-0